Responses for Show #2431 - Monday, March 13, 1995

Contestants

[<< previous game]

Chris Garvin, an environmental engineering student from Troy, New York

Julie Bell, a business attorney from Washington, D.C.

Gord Brown, an editor and writer from Toronto, Ontario, Canada (whose 1-day cash winnings total $8,700)

[next game >>]

Jeopardy! Round responses

ORGANS
PIERRES CELEBRES
(Alex: And [*], of course, has to do with people who are famous and whose first name is Pierre.)
RELIGION
FRUITS & VEGETABLES
AMERICANA
ANAGRAMS
    $100 3
the tongue

Gord
    $100 12
the Apes

Gord
    $100 1
the Dalai Lama

Julie
    $100 17
a carrot

Julie
    $100 8
(Gord: What is the Treasury?)

Independence Hall

Gord
Triple Stumper
    $100 23
ink (for kin)

Gord
    $200 4
the liver

Chris
    $200 13
South Dakota

Chris
    $200 2
the Koran

Chris
    $200 18
a melon

Julie
    $200 9
(Gord: Who is Pontiac?)

Hiawatha

Gord
Triple Stumper
    $200 27
Life (for file)

Julie
    $300 5
the heart

Gord
    $300 16
Pierre Curie

Julie
    $300 6
Judaism

Julie
    $300 19
a pepper

Julie
    $300 10
Harvard, Princeton & Yale

Gord
    $300 28
Disney (for Sidney)

Julie
    $400 14
the cornea

Gord
    $400 25
(Alex: You're right, and I'm amazed that you got in ahead of Gord on that one. He'll never live that down when he gets back home.)

Pierre Trudeau

Julie
    $400 7
(Gord: What is the Spanish Inquisition?)

the Inquisition

GordJulie
    $400 20
tomatoes

Chris
    $400 22
(Chris: Who are Orville and Wilbur Wright?)

Will Rogers & Wiley Post

Chris
Triple Stumper
    $400 29
easel (for lease)

Gord
    $500 15
the brain

Gord
    $500 26
[NOTE: Although Alex gave Pierre as the artist's first name, his first name was actually the hyphenate Pierre-Auguste. His actor son was Pierre.]

(Pierre) Renoir

Gord
    $500 11
icons

Gord
    $500 21
an eggplant

Julie
    $600 24
(Peter) Stuyvesant

Gord
    $500 30
(Gord: What are... [shakes head])

plates (for petals)

GordChris

Scores at the first commercial break (after clue 15):

Gord Julie Chris
$1,500 $800 $600

Scores at the end of the Jeopardy! Round:

Gord Julie Chris
$2,600 $3,100 $1,100

Double Jeopardy! Round responses

THE 16th CENTURY
LAKES & RIVERS
MUSICAL THEATRE
CONGRESS
MAMMALS
LITERARY ALLUSIONS
    $200 6
Mary, Queen of Scots

Julie
    $200 14
the Mississippi

Gord
    $200 11
Grease

Julie
    $200 18
vice president

Julie
    $200 21
Alaska

Chris
    $200 1
(Gord: What is Ichabod Crane?)

Rip Van Winkle

GordChris
    $400 7
Vesuvius

Julie
    $400 15
France

Julie
    $400 12
The King and I

Julie
    $400 22
amendments to the Constitution

Gord
    $400 27
(Chris: What's man?)

the warthog

GordChris
    $400 2
open sesame

Gord
    $600 8
St. Peter's

Julie
    $600 16
Manitoba

Gord
    $600 13
Joel Grey

Gord
    $600 23
franking

Gord
    $600 28
[The end-of-round signal sounds.]
(Alex: Oh, that does it, we won't get a chance to uncover that last Daily Double. It was in the $1,000 box in MAMMALS.)

England

Gord
    $600 3
Jonathan Swift

Gord
    $800 9
Roanoke Island

Julie
    $800 17
(Gord: What is Lake Victoria?)

Lake Tanganyika

GordChris
    $800 19
Tommy Tune

Julie
    $800 24
Sam Ervin

Gord
    $800 4
Fagin

Gord
    $1000 10
(Gord: What is Cyprus?)
(Chris: What's Malta?)

Rhodes

GordChris
Triple Stumper
    $1000 26
the Atacama

Triple Stumper
    $1000 20
Stephen Sondheim

Triple Stumper
    $1,500 25
(Alex: Gord, say something.)
(Gord: [Shakes head])
...
(Alex: We have less than a minute to go.)

Senator Daniel Patrick Moynihan (of New York)

Gord
    $1000 5
(Gord: Who are Tweedle-Dee and Tweedle-Dum?)

the Walrus & the Carpenter

Gord
Triple Stumper

Scores at the end of the Double Jeopardy! Round:

Gord Julie Chris
$4,100 $7,100 $900

[wagering suggestions for these scores]

Final Jeopardy! Round responses

WORLD CURRENCY
(Alex: [To Gord] We normally do not penalize for misspelled words, but in this case, you have changed it considerably.)
ChrisWhat is the zaire?
$858
GordWhat is the zlotny
$3,200
JulieWhat is yen?
$1,101
the złoty

Final scores:

Gord Julie Chris
$900 $5,999 $42
2nd place: a trip to Honolulu, Hawaii aboard TWA + a week at the Pacific Beach Hotel in Honolulu New champion: $5,999 3rd place: Cazal 951 & 955 fashion sunglasses & sports systems w/interchangeable bands

Game dynamics:

Coryat scores:

Gord Julie Chris
$5,500 $7,100 $900
22 R
(including 1 DD),
9 W
(including 1 DD)
20 R,
0 W
8 R,
3 W

Combined Coryat: $13,500

[game clues] [game scores] [suggest correction]

Game tape date: 1994-11-30
The J! Archive is created by fans, for fans. Scraping, republication, monetization, and malicious use prohibited; this site may use cookies and collect identifying information. See terms. The Jeopardy! game show and all elements thereof, including but not limited to copyright and trademark thereto, are the property of Jeopardy Productions, Inc. and are protected under law. This website is not affiliated with, sponsored by, or operated by Jeopardy Productions, Inc. Join the discussion at JBoard.tv.